Languages: Find the Odd One Out #2 (Challenge) - Statistics

General Stats
  • This quiz has been taken 598 times
  • The average score is 8 of 23
Answer Stats
Question Answer % Correct
Languages of the former Yugoslavia Slovenian
69%
Languages of the Balkans Albanian
61%
Languages of North Atlantic islands Greenlandic
59%
Turkic languages Kazakh
48%
Languages of Mediterranean islands Maltese
46%
Languages of Pakistan Pashto
43%
Languages of Italy Sardinian
42%
Languages that share names with US states (more or less) Miami-Illinois
37%
Languages that use the Geʽez (Ethiopic) script Hadiyya
36%
Languages of the Mozambique Channel region Malagasy
36%
Indigenous languages of Mexico and Guatemala Nahuatl
33%
Languages of Kenya Luo
32%
Indigenous languages of Alaska Tlingit
31%
Indigenous languages of Eastern Canada Mohawk
29%
Languages of Namibia Khoekhoe
28%
Oceanic languages Fijian
27%
Indigenous languages of Australia Tiwi
27%
Languages of the Horn of Africa Amharic
26%
Languages of the ancient Near East Sumerian
25%
Indigenous languages of the southwestern United States Navajo
24%
Indigenous languages of the southeastern United States Cherokee
23%
Indigenous languages of Brazil Kaingang
23%
Languages of Indonesia Javanese
7%
No matching quizzes found
Score Distribution
Percent of People with Each Score
Percentile by Number Answered
Your Score History
You have not taken this quiz